000 00621fam a2200229 a 4500
001 1091468
003 ARRUPE
005 20150217020008.0
008 900619c19911989nyu 000 0 eng
010 _a 90050453
035 _a(OCoLC)22927630
035 _a(OCoLC)ocm22927630
035 _a(NNC)1091468
040 _aDLC
_cDLC
_dNNC
100 1 _aHughes, Ted,
_d1930-1998.
_914776
245 1 0 _aWolfwatching /
_cTed Hughes.
250 _aFirst American edition.
260 _aNew York :
_bFarrar, Straus and Giroux,
_c1991, c1989.
300 _a66 p. ;
_c24 cm.
942 _2lcc
_cMONOGRAPH
_01
999 _c121935
_d121935